Weed growth on different soil types in takeo province រុក្ខជាតិចង្រៃដុះនៅលើប្រភេទដីផ្សេងៗគ្នានៅខេត្តតាកែវ (Record no. 831)
[ view plain ]
| 000 -LEADER | |
|---|---|
| fixed length control field | 00569nam a22001577a 4500 |
| 003 - CONTROL NUMBER IDENTIFIER | |
| control field | OSt |
| 005 - DATE AND TIME OF LATEST TRANSACTION | |
| control field | 20150919135324.0 |
| 008 - FIXED-LENGTH DATA ELEMENTS--GENERAL INFORMATION | |
| fixed length control field | 150919b xxu||||| |||| 00| 0 eng d |
| 040 ## - CATALOGING SOURCE | |
| Transcribing agency | RUA |
| 082 ## - DEWEY DECIMAL CLASSIFICATION NUMBER | |
| Classification number | AGR TON 2008 B036 Or.1 |
| 100 ## - MAIN ENTRY--PERSONAL NAME | |
| 9 (RLIN) | 863 |
| Personal name | TONG, SOKHAN. |
| 245 ## - TITLE STATEMENT | |
| Title | Weed growth on different soil types in takeo province រុក្ខជាតិចង្រៃដុះនៅលើប្រភេទដីផ្សេងៗគ្នានៅខេត្តតាកែវ |
| 260 ## - PUBLICATION, DISTRIBUTION, ETC. (IMPRINT) | |
| Place of publication, distribution, etc. | Phnom Penh |
| Name of publisher, distributor, etc. | RUA |
| Date of publication, distribution, etc. | 2008 |
| 300 ## - PHYSICAL DESCRIPTION | |
| Extent | xiv; 48p. |
| Other physical details | ill. |
| Dimensions | 29cm. |
| 942 ## - ADDED ENTRY ELEMENTS (KOHA) | |
| Source of classification or shelving scheme | |
| Koha item type | AGR |
| Price effective from | Date last seen | Permanent Location | Not for loan | Date acquired | Source of classification or shelving scheme | Koha item type | Barcode | Lost status | Damaged status | Shelving location | Withdrawn status | Current Location | Full call number |
|---|---|---|---|---|---|---|---|---|---|---|---|---|---|
| 2015-09-19 | 2015-09-19 | Library Block B | 2015-09-19 | AGR | RUA000892 | B036 | Library Block B | AGR TON 2008 B036 Or.1 | |||||
| 2015-09-19 | 2015-09-19 | Library Block B | 2015-09-19 | AGR | RUA000957 | B036 | Library Block B | AGR TON 2008 B036 Or.2 | |||||
| 2015-09-19 | 2015-09-19 | Library Block B | 2015-09-19 | AGR | RUA000990 | B036 | Library Block B | AGR TON 2008 B036 Or.3 | |||||
| 2015-09-19 | 2015-09-19 | Library Block B | 2015-09-19 | AGR | RUA000923 | B036 | Library Block B | AGR TON 2008 B036 Or.4 | |||||
| 2015-09-19 | 2015-09-19 | Library Block B | 2015-09-19 | AGR | RUA000897 | B036 | Library Block B | AGR TON 2008 B036 Or.5 | |||||
| 2015-09-19 | 2015-09-19 | Library Block B | 2015-09-19 | AGR | RUA000983 | B036 | Library Block B | AGR TON 2008 B036 Or.6 | |||||
| 2015-09-19 | 2015-09-19 | Library Block B | 2015-09-19 | AGR | RUA000975 | B036 | Library Block B | AGR TON 2008 B036 Or.7 |